Reálna hodnota v účtovníctve podnikateľskej účtovnej jednotky

Analýza uplatňovania reálnej hodnoty ako oceňovacej veličiny v účtovníctve podnikateľskej účtovnej jednotky účtujúcej a vykazujúcej podľa slovenských právnych predpisov podľa stavu k 1.1. 2009. Použitie reálnej hodnoty v konsolidovanej účtovnej závierke v ilustračných príkladoch.

Gespeichert in:
Bibliographische Detailangaben
1. Verfasser: Šlosárová, Anna
Format: Buchkapitel
Sprache:Slowakisch
Schlagworte:
Tags: Tag hinzufügen
Keine Tags, Fügen Sie das erste Tag hinzu!

MARC

LEADER 00000naa$a2200000$$$4500
001 0093606
005 20240502072037.1
041 0 |a slo 
044 |a SK 
245 1 0 |a Reálna hodnota v účtovníctve podnikateľskej účtovnej jednotky  |c Anna Šlosárová 
520 |a Analýza uplatňovania reálnej hodnoty ako oceňovacej veličiny v účtovníctve podnikateľskej účtovnej jednotky účtujúcej a vykazujúcej podľa slovenských právnych predpisov podľa stavu k 1.1. 2009. Použitie reálnej hodnoty v konsolidovanej účtovnej závierke v ilustračných príkladoch. 
610 2 0 |a jednotka účtovná 
610 2 0 |a účtovanie 
610 2 0 |a podnikatelia 
610 2 0 |a hodnota reálna 
610 2 0 |a oceňovanie 
610 2 0 |a predpisy právne 
100 1 |a Šlosárová, Anna